[Event "Regionalliga SO 9899"]
[Site "Bayern"]
[Date "1999.??.??"]
[Round "5.4"]
[White "Nowak, Marco"]
[Black "Lautner, Josef"]
[Result "1/2-1/2"]
[WhiteElo "1950"]
[BlackElo "2125"]
[PlyCount "120"]
[EventDate "1998.??.??"]
[EventType "team-tourn"]
[EventRounds "9"]
[EventCountry "GER"]
[SourceTitle "EXT 2020"]
[Source "ChessBase"]
[SourceDate "2019.10.17"]
[SourceVersion "1"]
[SourceVersionDate "2019.10.17"]
[SourceQuality "1"]
[WhiteTeam "Straubing PSV"]
[BlackTeam "Waldkirchen TSV"]
[WhiteTeamCountry "GER"]
[BlackTeamCountry "GER"]

1. e4 g6 2. d4 d6 3. Nf3 Bg7 4. Be2 Nf6 5. Nc3 0-0 6. 0-0 Na6 7. Bg5 h6 8. Bf4 c5 9. d5 Nc7 10. Re1 b5 11. Nxb5 Nxe4 12. Nxc7 Qxc7 13. Bd3 f5 14. Qc1 g5 15. Be3 Nf6 16. c4 f4 17. Bd2 Bg4 18. h3 Bxf3 19. gxf3 Nd7 20. Qc2 Ne5 21. Be4 Qd7 22. Kg2 h5 23. Bc3 Rf6 24. Rh1 Kf7 25. Rag1 Rg8 26. Kf1 Bh6 27. b3 g4 28. hxg4 hxg4 29. Bxe5 dxe5 30. Rh5 gxf3 31. Rxg8 Kxg8 32. Bxf3 Qd6 33. Qe2 Rg6 34. Rxe5 Bg5 35. Bh5 Rg7 36. Re6 f3 37. Qe5 Qxe5 38. Rxe5 Bf4 39. Rf5 Bd6 40. Rxf3 Rg5 41. Rh3 Be5 42. Be8 Kg7 43. Rf3 Bd6 44. Bd7 Rh5 45. Rh3 Rxh3 46. Bxh3 Kf6 47. Ke2 Bf4 48. Kd3 Ke5 49. Bg2 Bh2 50. Be4 Bg1 51. f3 Bf2 52. Bg6 Bg1 53. Kc2 Bf2 54. a3 a5 55. Kc3 Bd4+ 56. Kc2 Bf2 57. Kd3 Bg1 58. Bh7 Bf2 59. Kc2 Bg1 60. Be4 Kd4 1/2-1/2

[Event "Regionalliga SO 9899"]
[Site "Bayern"]
[Date "1999.??.??"]
[Round "8.3"]
[White "Nowak, Marco"]
[Black "Poellner, Ludwig"]
[Result "1/2-1/2"]
[WhiteElo "1950"]
[BlackElo "2095"]
[PlyCount "41"]
[EventDate "1998.??.??"]
[EventType "team-tourn"]
[EventRounds "9"]
[EventCountry "GER"]
[SourceTitle "EXT 2020"]
[Source "ChessBase"]
[SourceDate "2019.10.17"]
[SourceVersion "1"]
[SourceVersionDate "2019.10.17"]
[SourceQuality "1"]
[WhiteTeam "Straubing PSV"]
[BlackTeam "Dorfen PSV"]
[WhiteTeamCountry "GER"]
[BlackTeamCountry "GER"]

1. e4 d6 2. d4 g6 3. Nf3 Bg4 4. Be2 Bg7 5. h3 Bxf3 6. Bxf3 c6 7. 0-0 Qb6 8. c3 Nd7 9. Nd2 Ngf6 10. Re1 Qc7 11. Nf1 0-0 12. Bf4 e5 13. Be3 Rfe8 14. Ng3 Rad8 15. Qd2 Nb6 16. Bg5 Nc4 17. Qc1 b5 18. b3 Nb6 19. h4 h5 20. Bh6 Qe7 21. Bg5 1/2-1/2

[Event "Regionalliga SO 9899"]
[Site "Bayern"]
[Date "1999.??.??"]
[Round "6.3"]
[White "Nowak, Marco"]
[Black "Spiesberger, Gerhard"]
[Result "1/2-1/2"]
[WhiteElo "1950"]
[BlackElo "1970"]
[PlyCount "47"]
[EventDate "1998.??.??"]
[EventType "team-tourn"]
[EventRounds "9"]
[EventCountry "GER"]
[SourceTitle "EXT 2020"]
[Source "ChessBase"]
[SourceDate "2019.10.17"]
[SourceVersion "1"]
[SourceVersionDate "2019.10.17"]
[SourceQuality "1"]
[WhiteTeam "Straubing PSV"]
[BlackTeam "Simbach"]
[WhiteTeamCountry "GER"]
[BlackTeamCountry "GER"]

1. e4 e5 2. Nf3 Nf6 3. Nc3 Bb4 4. Bc4 0-0 5. d3 d5 6. exd5 Nxd5 7. Bd2 Nxc3 8. bxc3 Bd6 9. h3 b6 10. 0-0 Bb7 11. Qe2 Nd7 12. Be3 Qf6 13. Nd2 Qg6 14. Qg4 Qxg4 15. hxg4 Nf6 16. f3 Nd5 17. Bxd5 Bxd5 18. Rfe1 Rfe8 19. Bf2 f6 20. Ne4 Ba3 21. c4 Bxe4 22. Rxe4 Rab8 23. Rb1 Bc5 24. Bxc5 1/2-1/2

[Event "Regionalliga SO 9899"]
[Site "Bayern"]
[Date "1998.??.??"]
[Round "3.4"]
[White "Bielmeier, Ludwig"]
[Black "Nowak, Marco"]
[Result "1-0"]
[WhiteElo "2135"]
[BlackElo "1950"]
[PlyCount "53"]
[EventDate "1998.??.??"]
[EventType "team-tourn"]
[EventRounds "9"]
[EventCountry "GER"]
[SourceTitle "EXT 2020"]
[Source "ChessBase"]
[SourceDate "2019.10.17"]
[SourceVersion "1"]
[SourceVersionDate "2019.10.17"]
[SourceQuality "1"]
[WhiteTeam "Deggendorf"]
[BlackTeam "Straubing PSV"]
[WhiteTeamCountry "GER"]
[BlackTeamCountry "GER"]

1. d4 Nf6 2. Nf3 g6 3. c4 Bg7 4. g3 0-0 5. Bg2 c6 6. 0-0 d6 7. Nc3 Nbd7 8. e4 e5 9. h3 Re8 10. Re1 Qc7 11. Be3 a6 12. Qc2 b5 13. dxe5 Nxe5 14. Nxe5 dxe5 15. cxb5 cxb5 16. Rac1 Be6 17. Nd5 Qxc2 18. Rxc2 Bxd5 19. exd5 e4 20. Rd1 Rac8 21. Rc6 Rcd8 22. d6 Nd7 23. Bg5 f6 24. Be3 a5 25. Bf1 Rb8 26. Rc7 Red8 27. Ba7 1-0